Villes aléatoires commençant par la lettre A - Statistiques

Statistiques générales
  • Ce quiz a été pris 191 fois
  • Le résultat moyen est 10 sur 15
Statistiques - réponses
Pays A-ville % Correct
Pays-Bas Amsterdam
95%
Gréce Athenes
94%
Madagascar Antananarivo
84%
Egypte Alexandrie
82%
Paraguay Asuncion
82%
Jordanie Amman
78%
Emirats arabes unis Abou Dabi
72%
Ghana Accra
72%
Nouvelle-zelande Auckland
71%
Erythree Asmara
57%
Espagne Alicante
53%
France Avignon
48%
Maroc Agadir
42%
Yemen Aden
35%
Kazakhstan Almaty
27%
Aucun quiz correspondant
Distribution des résultats
% des personnes avec chaque résultat
Percentile par nombre de réponses
Votre historique - résultats
Vous n’avez pas pris ce quiz